[Event "8343 - TOP20 Saison 2006-2007"]
[Site "Loire"]
[Date "2006.10.07"]
[Round "1.1"]
[White "Carrot, Patrick"]
[Black "Cursoux, Gerard"]
[Result "0-1"]
[WhiteElo "1840"]
[BlackElo "2120"]
[PlyCount "44"]
[EventDate "2006.10.07"]

1. c4 e5 2. Nc3 Nc6 3. g3 Bb4 4. Bg2 Nf6 5. a3 Bxc3 6. bxc3 d6 7. Nf3 O-O 8.
O-O h6 9. Qc2 Be6 10. d3 Qd7 11. Rb1 Rab8 12. Rd1 Rfe8 13. e4 Nh7 14. Be3 f5
15. Nd2 fxe4 16. Nxe4 Rf8 17. Nd2 Bh3 18. d4 Bxg2 19. Kxg2 b6 20. Qa4 Rbd8 21.
Nf3 Rxf3 22. Kxf3 Nxd4+ 0-1

[Event "8343 - TOP20 Saison 2006-2007"]
[Site "Loire"]
[Date "2006.10.07"]
[Round "1.2"]
[White "Deville, Olivier"]
[Black "Jedidi, Brahim"]
[Result "1-0"]
[WhiteElo "2034"]
[BlackElo "1820"]
[PlyCount "39"]
[EventDate "2006.10.07"]

1. e4 d6 2. d4 g6 3. Nf3 Bg4 4. Bc4 Bg7 5. Bxf7+ Kxf7 6. Ng5+ Ke8 7. Qxg4 Qd7
8. Qxd7+ Nxd7 9. Ne6 Bh6 10. Bxh6 Nxh6 11. Nxc7+ Kf7 12. Nxa8 Rxa8 13. f3 Rc8
14. c3 Nb6 15. O-O Nc4 16. Rf2 Kf6 17. b3 Nb6 18. c4 Nf7 19. Nc3 Nd7 20. Nd5+
1-0

[Event "8343 - TOP20 Saison 2006-2007"]
[Site "Loire"]
[Date "2006.10.07"]
[Round "1.3"]
[White "Walter, Alain"]
[Black "Valet, Godeffroy"]
[Result "0-1"]
[WhiteElo "1810"]
[BlackElo "2021"]
[PlyCount "36"]
[EventDate "2006.10.07"]

1. c4 e5 2. Nc3 Nc6 3. g3 Bc5 4. e3 d6 5. Bg2 Bf5 6. d3 Nf6 7. Nge2 O-O 8. O-O
Qc8 9. Na4 Rd8 10. Nxc5 dxc5 11. Qa4 Bxd3 12. Bxc6 bxc6 13. Nc3 Bxf1 14. Kxf1
Qh3+ 15. Ke2 Qh5+ 16. Kf1 Qf3 17. Qc2 Ne4 18. Qxe4 Rd1+ 0-1

[Event "8343 - TOP20 Saison 2006-2007"]
[Site "Loire"]
[Date "2006.10.07"]
[Round "1.4"]
[White "Garon, Pierre"]
[Black "Zennaf, Karim"]
[Result "1-0"]
[WhiteElo "1965"]
[BlackElo "1790"]
[PlyCount "105"]
[EventDate "2006.10.07"]

1. d4 Nf6 2. Nf3 g6 3. Bg5 Bg7 4. Nbd2 d5 5. e3 O-O 6. Be2 Nbd7 7. O-O c5 8. c3
b6 9. Qc2 Bb7 10. a4 Re8 11. b4 e5 12. bxc5 bxc5 13. Rab1 Qc8 14. Rfc1 e4 15.
Ne1 c4 16. a5 h6 17. Bh4 Nh7 18. Qa2 a6 19. Nc2 f5 20. Bg3 g5 21. Qb2 Bc6 22.
Nb4 Rf8 23. Nxc6 Qxc6 24. Qb7 Rf6 25. Qxc6 Rxc6 26. Rb7 Nhf8 27. Rcb1 Bf6 28.
Bd1 Nc5 29. R1b6 Nxb7 30. Rxc6 Bd8 31. Bc7 Bxc7 32. Rxc7 Nxa5 33. Rc5 Nb3 34.
Nxb3 cxb3 35. Bxb3 Rb8 36. Bxd5+ Kg7 37. Rc7+ Kf6 38. Rb7 Rxb7 39. Bxb7 a5 40.
Bc6 Ke6 41. Kf1 Kd6 42. Ba4 Ng6 43. g3 Ne7 44. c4 f4 45. Ke2 fxg3 46. fxg3 Ng8
47. c5+ Kc7 48. d5 Nf6 49. d6+ Kd8 50. Kd2 Kc8 51. Kc3 Ng4 52. Kd4 Nxh2 53. c6
1-0

[Event "8343 - TOP20 Saison 2006-2007"]
[Site "Loire"]
[Date "2006.10.07"]
[Round "1.5"]
[White "Vier, Serge"]
[Black "Petit, Didier"]
[Result "0-1"]
[WhiteElo "1750"]
[BlackElo "1945"]
[PlyCount "66"]
[EventDate "2006.10.07"]

1. d4 Nf6 2. c4 c5 3. d5 b5 4. cxb5 a6 5. bxa6 Bxa6 6. Nc3 g6 7. Nf3 d6 8. e4
Bxf1 9. Kxf1 Nbd7 10. g3 Bg7 11. h3 Qa5 12. Kg2 O-O 13. Qc2 Rfb8 14. Rb1 h6 15.
Re1 Ne8 16. Bd2 Nc7 17. b3 Nb5 18. Nxb5 Qxb5 19. a4 Qb7 20. Bc3 Bxc3 21. Qxc3
Nf6 22. Nd2 Qc8 23. f3 Rb4 24. Nc4 Qd8 25. Qe3 Nd7 26. Rec1 Nb6 27. Nxb6 Qxb6
28. Rc4 Qa6 29. Qc3 Rxc4 30. bxc4 Qxa4 31. Rb2 Qa5 32. Qb3 Qe1 33. Qc2 Ra1 0-1

[Event "8343 - TOP20 Saison 2006-2007"]
[Site "Loire"]
[Date "2006.10.14"]
[Round "1.6"]
[White "Bruel, Bruno"]
[Black "Lafrechoux, Laurent"]
[Result "0-1"]
[WhiteElo "1870"]
[BlackElo "1935"]
[PlyCount "66"]
[EventDate "2006.10.14"]

1. d4 d5 2. c4 e6 3. Nc3 Nf6 4. Nf3 c6 5. e3 Nbd7 6. Bd3 dxc4 7. Bxc4 b5 8. Bd3
a6 9. e4 c5 10. d5 exd5 11. Nxd5 Nxd5 12. exd5 Nb6 13. O-O Be7 14. Be4 Ra7 15.
Ne5 Qd6 16. Bf4 Qf6 17. Qd2 Bd6 18. Rfe1 Nc4 19. Nxc4 Bxf4 20. Bf3+ Re7 21.
Rxe7+ Kxe7 22. Qe2+ Kd8 23. Na5 Bd7 24. Nc6+ Kc7 25. Qe1 Qxb2 26. Qa5+ Kb7 27.
Rd1 Bc7 28. Qe1 Re8 29. Ne7 Bd6 30. Qe4 Rxe7 31. Qxh7 Qd4 32. g3 Qf6 33. Qd3 c4
0-1

[Event "8343 - TOP20 Saison 2006-2007"]
[Site "Loire"]
[Date "2006.10.07"]
[Round "1.7"]
[White "Boblin, Laurent"]
[Black "Pareux, Marc"]
[Result "0-1"]
[WhiteElo "1920"]
[BlackElo "1680"]
[PlyCount "52"]
[EventDate "2006.10.07"]

1. e4 g6 2. d4 Bg7 3. Nf3 c6 4. Nc3 d5 5. Be2 Bg4 6. Be3 e6 7. h3 Bxf3 8. Bxf3
Ne7 9. O-O O-O 10. Qd2 Nd7 11. Bh6 f5 12. exd5 Bxh6 13. Qxh6 exd5 14. Ne2 Nf6
15. Nf4 Qd6 16. Rfe1 Ne4 17. Re3 Rf6 18. Bxe4 fxe4 19. g3 Nf5 20. Qg5 Nxe3 21.
Nh5 Rf5 22. Qxe3 Rxh5 23. g4 Rh4 24. Kg2 Rf8 25. Qg3 Qf6 26. g5 Qf3+ 0-1

[Event "8343 - TOP20 Saison 2006-2007"]
[Site "Loire"]
[Date "2006.10.07"]
[Round "1.8"]
[White "Maestracci, Olivier"]
[Black "Barnes, Pierrick"]
[Result "0-1"]
[WhiteElo "1590"]
[BlackElo "1913"]
[PlyCount "98"]
[EventDate "2006.10.07"]

1. e4 Nf6 2. e5 Nd5 3. c4 Nb6 4. d4 d6 5. f4 dxe5 6. fxe5 Nc6 7. Nf3 Bg4 8. Be2
e6 9. O-O Bxf3 10. Bxf3 Nxc4 11. Bxc6+ bxc6 12. b3 Nb6 13. Nc3 Qd7 14. Qf3 h6
15. Na4 Nd5 16. Bd2 Bb4 17. Bxb4 Nxb4 18. Qc3 Nd5 19. Qc5 Ne7 20. Nc3 O-O 21.
Ne2 Rfb8 22. Qc3 Nd5 23. Qf3 a5 24. Rac1 a4 25. Nc3 axb3 26. Nxd5 cxd5 27. axb3
Rb7 28. Rc3 c6 29. Rfc1 Rb6 30. Qd1 Rc8 31. Qd3 Qb7 32. Qd1 Rb8 33. h3 Rxb3 34.
Rxc6 Rb6 35. Rc7 Qa6 36. Ra1 Qb5 37. Qh5 Rf8 38. Raa7 Qb1+ 39. Kh2 Qf1 40. Qf3
Qxf3 41. gxf3 Rb4 42. Kg3 Rxd4 43. Ra3 g5 44. Rb7 Kg7 45. Rd7 Kg6 46. Re3 h5
47. Re2 Rf4 48. Rd6 Rc8 49. Re3 Rc2 0-1

[Event "8343 - TOP20 Saison 2006-2007"]
[Site "Loire"]
[Date "2006.10.07"]
[Round "1.9"]
[White "Massard, Christian"]
[Black "Chabas, Jean-Luc"]
[Result "1-0"]
[WhiteElo "1880"]
[BlackElo "1580"]
[PlyCount "64"]
[EventDate "2006.10.07"]

1. b3 Nf6 2. Bb2 d5 3. e3 c6 4. Be2 Bf5 5. d3 Nbd7 6. f4 e6 7. g4 Bg6 8. g5 Ng8
9. Nf3 Ne7 10. h4 Bh5 11. Nbd2 Nf5 12. Kf2 Qb6 13. Nf1 Bd6 14. d4 O-O-O 15. a4
a5 16. Bc3 Bb4 17. Qd2 Nd6 18. Ng3 Ne4+ 19. Nxe4 dxe4 20. Bxb4 Qxb4 21. Qxb4
axb4 22. Nd2 Bxe2 23. Kxe2 f5 24. Nc4 Kc7 25. h5 Rb8 26. Rhd1 g6 27. Rh1 Nb6
28. Ne5 Nd5 29. Rh2 Ra8 30. Rah1 Rhg8 31. hxg6 hxg6 32. Rh7+ Kc8 1-0

[Event "8343 - TOP20 Saison 2006-2007"]
[Site "Loire"]
[Date "2006.10.07"]
[Round "1.10"]
[White "Desassis, Jean-Francois"]
[Black "Guevorkian, Spartak"]
[Result "1-0"]
[WhiteElo "1500"]
[BlackElo "1860"]
[PlyCount "43"]
[EventDate "2006.10.07"]

1. d4 Nf6 2. Nf3 d6 3. Bg5 Nbd7 4. e3 e5 5. dxe5 dxe5 6. Nc3 c6 7. Bc4 Be7 8.
Bxf6 Bxf6 9. Qd3 O-O 10. O-O-O a5 11. Ne4 Qc7 12. a3 h6 13. g4 Rd8 14. Nxf6+
gxf6 15. h4 b5 16. Bxf7+ Kxf7 17. Qh7+ Ke6 18. Qxh6 Rg8 19. Ng5+ Rxg5 20. hxg5
Qd8 21. Qg6 Qc7 22. Qg8+ 1-0

[Event "8343 - TOP20 Saison 2006-2007"]
[Site "Loire"]
[Date "2006.10.21"]
[Round "2.1"]
[White "Cursoux, Gerard"]
[Black "Barnes, Pierrick"]
[Result "1/2-1/2"]
[WhiteElo "2120"]
[BlackElo "1913"]
[PlyCount "150"]
[EventDate "2006.10.21"]

1. e4 Nf6 2. e5 Nd5 3. c4 Nb6 4. d4 d6 5. f4 dxe5 6. fxe5 Nc6 7. Be3 Bf5 8. Nc3
e6 9. Nf3 Be7 10. Be2 Qd7 11. O-O O-O 12. d5 exd5 13. cxd5 Nb4 14. Nd4 Bg6 15.
e6 fxe6 16. Rxf8+ Rxf8 17. Bg4 Bf5 18. Nxf5 exf5 19. Bf3 Bd6 20. a3 Na6 21. Bd4
Qe7 22. Nb5 Bf4 23. Nxa7 Re8 24. Nb5 Nc4 25. Bf2 Be3 26. Qe2 Qc5 27. Nc3 Bxf2+
28. Qxf2 Qxf2+ 29. Kxf2 Nxb2 30. Be2 Nc5 31. Rb1 Nbd3+ 32. Kf1 Ne5 33. Nb5 c6
34. dxc6 bxc6 35. Nd6 Rd8 36. Nc4 Ne4 37. Rb6 Nd2+ 38. Nxd2 Rxd2 39. a4 Ra2 40.
Ra6 Kf8 41. a5 Ke7 42. Ra7+ Kf6 43. a6 c5 44. Rc7 c4 45. a7 c3 46. Bd1 Ng4 47.
Bxg4 fxg4 48. Rxc3 Rxa7 49. Kf2 $11 Ra6 50. Kg3 h5 51. h3 gxh3 52. Kxh3 Ra4 53.
Rc6+ Kg5 54. Rc5+ Kh6 55. Rb5 h4 56. Rc5 Re4 57. Ra5 g5 58. Ra3 Kh5 59. Rd3 Re1
60. Kh2 Rf1 61. Rd8 Rf2 62. Rd4 g4 63. Kg1 Re2 64. Rd1 Kg5 65. Ra1 Kf4 66. Ra4+
Re4 67. Ra1 g3 68. Rb1 Kg4 69. Ra1 h3 70. gxh3+ Kxh3 71. Rb1 Re2 72. Ra1 Re3
73. Rb1 Kg4 74. Ra1 Kf3 75. Rf1+ Kg4 $11 1/2-1/2

[Event "8343 - TOP20 Saison 2006-2007"]
[Site "Loire"]
[Date "2006.11.04"]
[Round "2.2"]
[White "Pareux, Marc"]
[Black "Deville, Olivier"]
[Result "0-1"]
[WhiteElo "1680"]
[BlackElo "2034"]
[PlyCount "50"]
[EventDate "2006.11.04"]

1. d4 d5 2. e4 dxe4 3. Nc3 Nf6 4. f3 exf3 5. Nxf3 g6 6. Bc4 Bg7 7. O-O O-O 8.
Qe1 Bg4 9. Be3 Bxf3 10. Rxf3 Ng4 11. Rd1 Nxe3 12. Qxe3 Nc6 13. Qe4 e6 14. Kh1
Qg5 15. Ne2 Rad8 16. Rfd3 Na5 17. Rg3 Qf5 18. Qxf5 exf5 19. b3 Nxc4 20. bxc4
Rfe8 21. Nf4 Rxd4 22. Nd3 Rxc4 23. h3 Rxc2 24. Nb4 Rb2 25. Nd5 c6 0-1

[Event "8343 - TOP20 Saison 2006-2007"]
[Site "Loire"]
[Date "2006.10.28"]
[Round "2.3"]
[White "Valet, Godeffroy"]
[Black "Garon, Pierre"]
[Result "1/2-1/2"]
[WhiteElo "1993"]
[BlackElo "1912"]
[PlyCount "56"]
[EventDate "2006.10.28"]

1. e4 Nf6 2. e5 Nd5 3. d4 d6 4. Nf3 Bg4 5. Be2 c6 6. O-O Bxf3 7. Bxf3 dxe5 8.
dxe5 e6 9. c4 Ne7 10. Qxd8+ Kxd8 11. Be4 Nd7 12. f4 g6 13. Be3 Nf5 14. Bf2 Bc5
15. Rd1 Bxf2+ 16. Kxf2 Kc7 17. Bc2 Rhd8 18. g4 Ne7 19. Nc3 g5 20. Kg3 gxf4+ 21.
Kxf4 Ng6+ 22. Bxg6 fxg6 23. Re1 Nc5 24. Kg5 Rd2 25. Rf1 Rad8 26. b4 Nd3 27.
Rf7+ Rd7 $11 28. Rxd7+ Kxd7 1/2-1/2

[Event "8343 - TOP20 Saison 2006-2007"]
[Site "Loire"]
[Date "2006.10.21"]
[Round "2.4"]
[White "Lafrechoux, Laurent"]
[Black "Massard, Christian"]
[Result "0-1"]
[WhiteElo "1952"]
[BlackElo "1880"]
[PlyCount "128"]
[EventDate "2006.10.21"]

1. d4 g6 2. e4 Bg7 3. Be3 d6 4. Bc4 Nf6 5. f3 O-O 6. h4 h5 7. Ne2 Nbd7 8. Nf4
Nb6 9. Bb3 e6 10. Nd2 Bd7 11. g4 Kh7 12. gxh5 gxh5 13. Qe2 e5 14. dxe5 dxe5 15.
Nh3 Bxh3 16. Rxh3 Qd7 17. Qg2 Rg8 18. Rg3 Bh6 19. Bxh6 Kxh6 20. O-O-O Rxg3 21.
Qxg3 Qe7 22. Qg5+ Kh7 23. Rg1 Rg8 24. Qf5+ Rg6 25. Rg5 Kg7 26. Nc4 Nxc4 27.
Bxc4 Rxg5 28. hxg5 Nh7 29. f4 exf4 30. e5 Nxg5 31. Qxf4 Nh3 32. Qd4 Qg5+ 33.
Kd1 Qg4+ 34. Qxg4+ hxg4 35. Ke2 Ng5 36. Kf2 Kg6 37. Bd3+ f5 38. exf6+ Kxf6 39.
Kg3 Nh3 40. Be2 Ke5 41. Bxg4 Nf4 42. c3 c5 43. Bd1 b6 44. Bc2 b5 45. Kf3 b4 46.
Ke3 a5 47. Bd3 Ng2+ 48. Kd2 Nf4 49. Bc4 Kd6 50. Bb5 Kc7 51. Kc2 Kb6 52. c4 Ne2
53. Be8 Nd4+ 54. Kb1 Kc7 55. Ba4 Kd6 56. a3 Ke5 57. Bc2 Nxc2 58. Kxc2 Kd4 59.
b3 bxa3 60. Kb1 Kc3 61. Ka2 Kb4 62. Kb1 Kxb3 63. Ka1 Kxc4 64. Ka2 Kd3 0-1

[Event "8343 - TOP20 Saison 2006-2007"]
[Site "Loire"]
[Date "2006.10.21"]
[Round "2.5"]
[White "Petit, Didier"]
[Black "Desassis, Jean-Francois"]
[Result "1-0"]
[WhiteElo "1933"]
[BlackElo "1500"]
[PlyCount "83"]
[EventDate "2006.10.21"]

1. d4 f5 2. Nf3 Nf6 3. Nc3 e6 4. Bg5 Be7 5. Bxf6 Bxf6 6. e4 fxe4 7. Nxe4 Be7 8.
Ne5 O-O 9. Bd3 d5 10. Ng3 Nd7 11. Qh5 Nf6 12. Qh3 Qe8 13. Ng4 g6 14. Ne5 c5 15.
Be2 cxd4 16. O-O Bd6 17. Ng4 Qe7 18. Bf3 Nxg4 19. Qxg4 Qf6 20. Rad1 Bc5 21. Ne2
Kg7 22. Qg3 b6 23. Nc1 Ba6 24. Be2 Bxe2 25. Nxe2 e5 26. Nc1 e4 27. a3 Rf7 28.
b4 Bd6 29. Qh3 Raf8 30. g3 Be5 31. Ne2 Rc7 32. Rc1 d3 33. cxd3 Qf3 34. Rxc7+
Bxc7 35. Nd4 Qf7 36. Ne6+ Kg8 37. Nxf8 Kxf8 38. dxe4 dxe4 39. Qc8+ Kg7 40. Rd1
Qb3 41. Qxc7+ Kh6 42. Qd7 1-0

[Event "8343 - TOP20 Saison 2006-2007"]
[Site "Loire"]
[Date "2006.10.21"]
[Round "2.6"]
[White "Walter, Alain"]
[Black "Boblin, Laurent"]
[Result "0-1"]
[WhiteElo "1810"]
[BlackElo "1920"]
[PlyCount "68"]
[EventDate "2006.10.21"]

1. e4 c6 2. d4 d5 3. Nc3 dxe4 4. Nxe4 Nd7 5. Bd3 Ngf6 6. Nxf6+ Nxf6 7. c3 e6 8.
Nf3 Qc7 9. Bg5 Be7 10. O-O O-O 11. Rc1 b6 12. Re1 Bb7 13. Ne5 Rac8 14. Re3 h6
15. Bh4 Nd5 16. Re4 c5 17. Bg3 Qd8 18. Nxf7 Rxf7 19. Rxe6 Nf4 20. Bxf4 Rxf4 21.
Qh5 cxd4 22. Rxh6 gxh6 23. Qg6+ Kf8 24. Qxh6+ Ke8 25. Qxf4 Qd5 26. Qg4 dxc3 27.
Bg6+ Kf8 28. bxc3 Rc4 29. Qh3 Bh4 30. Re1 Rxc3 31. Re8+ Kg7 32. Qxc3+ Kxg6 33.
Qc2+ Kf7 34. Rf8+ Kxf8 0-1

[Event "8343 - TOP20 Saison 2006-2007"]
[Site "Loire"]
[Date "2006.10.21"]
[Round "2.7"]
[White "Zennaf, Karim"]
[Black "Bruel, Bruno"]
[Result "0-1"]
[WhiteElo "1790"]
[BlackElo "1870"]
[PlyCount "104"]
[EventDate "2006.10.21"]

1. c4 c6 2. d4 d5 3. Nc3 e6 4. Nf3 Nf6 5. Bg5 Be7 6. e3 Nbd7 7. Be2 O-O 8. O-O
dxc4 9. Bxc4 b5 10. Bb3 a6 11. Bc2 c5 12. e4 cxd4 13. Qxd4 Bc5 14. Qd2 Qc7 15.
Rad1 Bb7 16. Rfe1 Rad8 17. Qc1 Rc8 18. Bb1 Ng4 19. Re2 b4 20. h3 Nxf2 21. Rxf2
bxc3 22. Be3 Nf6 23. Bxc5 Qxc5 24. Re1 Qb4 25. bxc3 Rxc3 26. Qb2 Qxb2 27. Rxb2
Bc6 28. Rc2 Rxc2 29. Bxc2 Rb8 30. e5 Bxf3 31. gxf3 Nd5 32. Bb3 Nf4 33. Re4
Nxh3+ 34. Kg2 Ng5 35. Ra4 h6 36. Rxa6 Rd8 37. Rd6 Rc8 38. f4 Ne4 39. Rxe6 Rc3
40. Re8+ Kh7 41. Bxf7 Rg3+ 42. Kh2 Rf3 43. Rf8 g5 44. fxg5 Kg7 45. Bd5 Kxf8 46.
Bxe4 Re3 47. Bc6 hxg5 48. a4 Rxe5 49. Kg3 Ke7 50. Kg4 Kf6 51. Kf3 Kg6 52. Kg4
Re6 0-1

[Event "8343 - TOP20 Saison 2006-2007"]
[Site "Loire"]
[Date "2006.10.21"]
[Round "2.8"]
[White "Guevorkian, Spartak"]
[Black "Vier, Serge"]
[Result "1-0"]
[WhiteElo "1860"]
[BlackElo "1750"]
[PlyCount "39"]
[EventDate "2006.10.21"]

1. d4 d5 2. Nf3 Nf6 3. Bf4 c6 4. c3 Bg4 5. Nbd2 e6 6. e3 Nbd7 7. Be2 Be7 8. h3
Bh5 9. O-O O-O 10. Bh2 Rc8 11. Qb3 Qb6 12. Rfe1 c5 13. Qxb6 Nxb6 14. a4 a5 15.
Bb5 Rfd8 16. Nb3 cxd4 17. Nfxd4 Nc4 18. Bxc4 dxc4 19. Nxa5 Ra8 20. Nxc4 1-0

[Event "8343 - TOP20 Saison 2006-2007"]
[Site "Loire"]
[Date "2006.11.04"]
[Round "2.9"]
[White "Chabas, Jean-Luc"]
[Black "Carrot, Patrick"]
[Result "1/2-1/2"]
[WhiteElo "1580"]
[BlackElo "1840"]
[PlyCount "59"]
[EventDate "2006.11.04"]

1. e4 c5 2. c3 g6 3. d4 b6 4. Nf3 Bg7 5. Be3 Qc7 6. Bd3 Nf6 7. h3 O-O 8. O-O
Bb7 9. Nbd2 d5 10. e5 Ne4 11. c4 cxd4 12. Bxd4 Nxd2 13. Qxd2 dxc4 14. Be2 e6
15. Rac1 b5 16. b3 Bd5 17. Qc3 Rc8 18. Nd2 Qb7 19. Bf3 Nd7 20. Qe3 Rc7 21. bxc4
Bxf3 22. Nxf3 bxc4 23. Rc2 a6 24. Rfc1 Qd5 25. Rd2 Qb5 26. Rb2 Qa5 27. Qe2 Rac8
28. Qe3 Nc5 29. Rxc4 Nd7 30. Rxc7 1/2-1/2

[Event "8343 - TOP20 Saison 2006-2007"]
[Site "Loire"]
[Date "2006.10.21"]
[Round "2.10"]
[White "Jedidi, Brahim"]
[Black "Maestracci, Olivier"]
[Result "1-0"]
[WhiteElo "1820"]
[BlackElo "1590"]
[PlyCount "125"]
[EventDate "2006.10.21"]

1. d4 Nf6 2. Bg5 Ne4 3. Bf4 c5 4. Qd3 Qa5+ 5. c3 d5 6. dxc5 Qxc5 7. e3 e6 8.
Na3 a6 9. Nc2 Nc6 10. h3 g6 11. Nf3 Bg7 12. Nd2 O-O 13. Nxe4 dxe4 14. Qxe4 b5
15. Rc1 Bb7 16. Qf3 Rfd8 17. e4 Rd7 18. Qe3 Qe7 19. Be2 Rc8 20. O-O Ne5 21.
Rfd1 Nc4 22. Bxc4 Rxc4 23. f3 h5 24. Bh6 Rc6 25. Bxg7 Kxg7 26. Rd2 Rxd2 27.
Qxd2 Rd6 28. Qe2 Qd7 29. Nd4 e5 30. Nb3 Bc8 31. Kf1 Qd8 32. Ke1 Be6 33. Rd1
Qh4+ 34. Kf1 Bc4 35. Rxd6 Bxe2+ 36. Kxe2 Qe7 37. Rxa6 Qc7 38. Kf2 h4 39. Ke1
Qb7 40. Rd6 Qa7 41. Kf1 Qxa2 42. Nc1 Qxb2 43. Ne2 b4 44. cxb4 Qb1+ 45. Kf2 Qxb4
46. Rd5 Qb6+ 47. Kf1 Qa6 48. Rd1 g5 49. Kf2 Qa2 50. Kf1 Kg6 51. Rd6+ f6 52. Rd1
Qc4 53. Kf2 Qa4 54. Ke1 Kf7 55. Rd5 Qc6 56. Rd1 Ke6 57. Rc1 Qb7 58. Rd1 f5 59.
exf5+ Kxf5 60. Kf2 Qb6+ 61. Kf1 Qb5 62. Ke1 Qb4+ 63. Kf2 {Temps} 1-0

[Event "8343 - TOP20 Saison 2006-2007"]
[Site "Loire"]
[Date "2006.11.18"]
[Round "3.1"]
[White "Deville, Olivier"]
[Black "Petit, Didier"]
[Result "0-1"]
[WhiteElo "2034"]
[BlackElo "1933"]
[PlyCount "68"]
[EventDate "2006.11.18"]

1. e4 d5 2. exd5 Nf6 3. c4 e6 4. dxe6 Bxe6 5. d4 c6 6. Nf3 Bb4+ 7. Bd2 Qe7 8.
Bxb4 Qxb4+ 9. Qd2 Qe7 10. Be2 Bxc4 11. O-O Bxe2 12. Re1 O-O 13. Rxe2 Qd6 14.
Nc3 Nbd7 15. Ne5 Rad8 16. Rd1 Nb6 17. Qg5 Nbd5 18. h4 h6 19. Qf5 Ne7 20. Qf3
Qc7 21. g4 Nh7 22. Ne4 f6 23. Nc4 Ng6 24. Nc5 Nxh4 25. Qh1 Ng5 26. Ne6 Nhf3+
27. Kf1 Nxe6 28. Rxe6 Qf4 29. Ne3 Rxd4 30. Rxd4 Nxd4 31. Re7 f5 32. Qh5 fxg4
33. Nxg4 Nf5 34. Nxh6+ Nxh6 0-1

[Event "8343 - TOP20 Saison 2006-2007"]
[Site "Loire"]
[Date "2006.11.18"]
[Round "3.2"]
[White "Massard, Christian"]
[Black "Cursoux, Gerard"]
[Result "0-1"]
[WhiteElo "1880"]
[BlackElo "2120"]
[PlyCount "54"]
[EventDate "2006.11.18"]

1. c4 e5 2. Nc3 Nc6 3. g3 Nf6 4. Bg2 d6 5. d3 h6 6. Nf3 Be7 7. O-O Bg4 8. a3
Qd7 9. b4 Bh3 10. Bb2 Bxg2 11. Kxg2 O-O 12. Rc1 Rae8 13. Qa4 a6 14. e3 Bd8 15.
Nd2 d5 16. Qc2 d4 17. Nce4 dxe3 18. fxe3 Ng4 19. Rf3 f5 20. Nc5 Qc8 21. Re1 f4
22. Nf1 fxe3 23. Rxf8+ Rxf8 24. Ne4 Nd4 25. Qc1 Nf2 26. Bxd4 exd4 27. c5 Nxe4
0-1

[Event "8343 - TOP20 Saison 2006-2007"]
[Site "Loire"]
[Date "2006.11.18"]
[Round "3.3"]
[White "Barnes, Pierrick"]
[Black "Valet, Godeffroy"]
[Result "0-1"]
[WhiteElo "1913"]
[BlackElo "1993"]
[PlyCount "104"]
[EventDate "2006.11.18"]

1. d4 e6 2. c4 Bb4+ 3. Bd2 Bxd2+ 4. Nxd2 Nf6 5. Ngf3 b6 6. Qc2 Bb7 7. e4 d5 8.
cxd5 exd5 9. e5 Ne4 10. Bd3 Nxd2 11. Nxd2 h6 12. Rc1 c6 13. O-O O-O 14. f4 Na6
15. Qa4 b5 16. Qd1 Qb6 17. Nb3 Rac8 18. Nc5 Nxc5 19. dxc5 Qc7 20. Qh5 Rce8 21.
Qf5 g6 22. Qh3 Kg7 23. Rf3 Bc8 24. Qh4 Qe7 25. Qf2 f5 26. b4 Be6 $11 27. Rc3
Ra8 28. Ra3 a6 29. Ra5 Ra7 30. Qd4 Kh7 31. Be2 Rg8 32. a4 Rga8 33. Ra3 Qg7 34.
Qa1 bxa4 35. R3xa4 Bc8 36. b5 cxb5 37. Bxb5 Qc7 38. Bd3 Qc6 39. Qb1 Rb7 40. Rb4
Rab8 41. Rxb7+ Rxb7 $11 42. Qc2 Rb4 43. Qd2 Ra4 44. Bc2 Rc4 45. Bb3 Rxc5 46.
Bxd5 Rc1+ 47. Kf2 Qc7 48. Ra2 Qc5+ 49. Kf3 Rc3+ 50. Ke2 Bd7 51. Rb2 Bb5+ 52.
Rxb5 Qxb5+ 0-1

[Event "8343 - TOP20 Saison 2006-2007"]
[Site "Loire"]
[Date "2006.11.18"]
[Round "3.4"]
[White "Garon, Pierre"]
[Black "Lafrechoux, Laurent"]
[Result "1-0"]
[WhiteElo "1912"]
[BlackElo "1952"]
[PlyCount "91"]
[EventDate "2006.11.18"]

1. d4 e6 2. Nf3 c5 3. e3 d5 4. Nbd2 Nf6 5. b3 b6 6. Bb5+ Bd7 7. Bd3 Nc6 8. a3
Qc7 9. Bb2 cxd4 10. exd4 Bd6 11. Qe2 O-O 12. O-O Ne7 13. Ne5 Ng6 14. f4 Bc6 15.
Rae1 Nd7 16. Rf3 Rae8 17. Qf2 f5 18. Rg3 Nf6 19. Rh3 Ne4 20. Qe3 Nxe5 21. fxe5
Be7 22. Nf3 f4 23. Qe2 Bd8 24. Nd2 Ng5 25. Rh5 g6 26. Rh4 Qf7 27. Rf1 Ne4 28.
Rfxf4 Qxf4 29. Rxf4 Rxf4 30. Nf3 Ref8 31. Bc1 R4f5 32. Be3 g5 33. Bxe4 dxe4 34.
Nd2 Be7 35. b4 a6 36. h3 Kg7 37. Qxa6 Ra8 38. Qxb6 Rxa3 39. Qxc6 Rxe3 40. Nxe4
Bxb4 41. Qxe6 Re1+ 42. Kh2 Rff1 43. Ng3 Rf4 44. Nh5+ Kf8 45. Nxf4 gxf4 46. Qf6+
1-0

[Event "8343 - TOP20 Saison 2006-2007"]
[Site "Loire"]
[Date "2006.11.18"]
[Round "3.5"]
[White "Boblin, Laurent"]
[Black "Guevorkian, Spartak"]
[Result "0-1"]
[WhiteElo "1920"]
[BlackElo "1860"]
[PlyCount "64"]
[EventDate "2006.11.18"]

1. e4 d6 2. d4 Nf6 3. Nc3 Nbd7 4. Nf3 e5 5. Be2 Be7 6. O-O O-O 7. h3 c6 8. Be3
a5 9. a4 Qc7 10. Re1 Re8 11. Bc4 h6 12. Qe2 Bf8 13. dxe5 dxe5 14. Bb3 Nc5 15.
Bxc5 Bxc5 16. Red1 Be6 17. Bxe6 Rxe6 18. Rd3 Nh5 19. Qd2 Qb6 20. g3 Nxg3 21.
Kg2 Nh5 22. Nh4 Bxf2 23. Nf5 Bc5 24. Rd1 Bd4 25. Ne2 Kh7 26. Neg3 Nxg3 27. Rxg3
Rg6 28. c3 Rxg3+ 29. Kxg3 Bc5 30. Qd7 Qxb2 31. Qxf7 Qf2+ 32. Kg4 Qf4+ 0-1

[Event "8343 - TOP20 Saison 2006-2007"]
[Site "Loire"]
[Date "2006.11.18"]
[Round "3.6"]
[White "Bruel, Bruno"]
[Black "Pareux, Marc"]
[Result "0-1"]
[WhiteElo "1870"]
[BlackElo "1680"]
[PlyCount "52"]
[EventDate "2006.11.18"]

1. d4 g6 2. c4 Bg7 3. Nc3 d6 4. e4 Nc6 5. Be3 e5 6. d5 Nce7 7. Nf3 f5 8. Bd3
Nf6 9. b4 O-O 10. c5 fxe4 11. Nxe4 Nxe4 12. Bxe4 Bg4 13. Rc1 Nf5 14. Qd3 Nxe3
15. Qxe3 Bxf3 16. Bxf3 Qh4 17. O-O Bh6 18. Qb3 Bxc1 19. Rxc1 e4 20. Rc4 Rae8
21. Qb1 Rxf3 22. gxf3 Qg5+ 23. Kf1 exf3 24. Re4 Rxe4 25. Qxe4 Qc1+ 26. Qe1 Qc4+
0-1

[Event "8343 - TOP20 Saison 2006-2007"]
[Site "Loire"]
[Date "2006.11.18"]
[Round "3.7"]
[White "Desassis, Jean-Francois"]
[Black "Jedidi, Brahim"]
[Result "0-1"]
[WhiteElo "1500"]
[BlackElo "1820"]
[PlyCount "60"]
[EventDate "2006.11.18"]

1. d4 d5 2. Nf3 Nf6 3. Bg5 Ne4 4. Bh4 c5 5. e3 c4 6. Nc3 Qa5 7. Be2 Nxc3 8. Qd2
Nc6 9. bxc3 Bf5 10. O-O e6 11. Bg3 Qa4 12. Bd1 h6 13. Nh4 Bh7 14. f4 Bd6 15.
Be1 f5 16. Bh5+ Kd7 17. Rf3 g5 18. fxg5 hxg5 19. Ng6 Bxg6 20. Bxg6 g4 21. Rf1
Rxh2 22. Kf2 Rg8 23. Kg1 Rxg6 24. Rf2 g3 25. Rf3 Rgh6 26. Kf1 Qa3 27. Bxg3 Rh1+
28. Ke2 Rxa1 29. Bxd6 Kxd6 30. Rg3 Qc1 0-1

[Event "8343 - TOP20 Saison 2006-2007"]
[Site "Loire"]
[Date "2006.11.18"]
[Round "3.8"]
[White "Carrot, Patrick"]
[Black "Walter, Alain"]
[Result "1-0"]
[WhiteElo "1840"]
[BlackElo "1810"]
[PlyCount "65"]
[EventDate "2006.11.18"]

1. e4 e5 2. Nf3 Nc6 3. Bb5 a6 4. Ba4 Nf6 5. O-O d6 6. Re1 Be7 7. h3 O-O 8. c3
h6 9. d4 b5 10. Bb3 Bb7 11. Nbd2 Kh8 12. Nf1 Nh7 13. Ng3 Ng5 14. Bd5 exd4 15.
Nxg5 Bxg5 16. cxd4 Na5 17. Bxb7 Nxb7 18. Bxg5 Qxg5 19. d5 Nc5 20. b4 Nd7 21.
Rc1 Rac8 22. Rc6 Nb6 23. Qc2 Nc4 24. a4 Nb6 25. a5 Nc4 26. Rxa6 Ra8 27. Rc6 Ra7
28. Nf5 Re8 29. Nd4 Rb8 30. Rxc4 bxc4 31. Nc6 Rab7 32. Nxb8 Rxb8 33. Qxc4 1-0

[Event "8343 - TOP20 Saison 2006-2007"]
[Site "Loire"]
[Date "2006.12.09"]
[Round "3.9"]
[White "Vier, Serge"]
[Black "Chabas, Jean-Luc"]
[Result "1/2-1/2"]
[WhiteElo "1750"]
[BlackElo "1580"]
[PlyCount "70"]
[EventDate "2006.12.09"]

1. d4 d5 2. c4 c6 3. Nc3 e6 4. Nf3 Nf6 5. Bg5 Nbd7 6. cxd5 cxd5 7. e3 a6 8. Bd3
Be7 9. O-O h6 10. Bh4 b5 11. a3 Bb7 12. Rc1 O-O 13. Qe2 Re8 14. Rfe1 Ne4 15.
Bxe7 Qxe7 16. Nd2 Ndf6 17. Ndxe4 Nxe4 18. Nxe4 dxe4 19. Bb1 Rac8 20. Qd2 Bd5
21. Rxc8 Rxc8 22. Rc1 Rxc1+ 23. Qxc1 Qd7 24. Qc5 Qc6 25. Qxc6 Bxc6 26. Kf1 Kf8
27. Ke2 Ke7 28. Kd2 Kd6 29. Kc3 Kc7 30. a4 Kb6 31. axb5 Kxb5 32. Bc2 Kb6 33.
Bd1 Bb5 34. h4 Bc6 35. g3 f6 1/2-1/2